عرض عادي عرض مارك
  • Grabowski, Sandra Reynolds.

مدخل إسم شخص

عدد التسجيلات المستخدمة في: 1

001 - رقم الضبط

  • حقل الضبط: 64403

003 - معرف رقم الضبط

  • حقل الضبط: OSt

005 - تاريخ ووقت أخر عملية

  • حقل الضبط: 20180819120527.0

008 - عناصر بيانات ثابتة الطول

  • حقل تحكم ثابت الطول: 180819|| aca||aabn | a|a d

040 ## - مصدر الفهرسة

  • هيئة الفهرسة الأصلية: OSt
  • وكالة الكتابة: OSt

100 ## - مدخل -- أسم شخص

  • إسم شخص: Grabowski, Sandra Reynolds.

670 ## - بيانات المصدر موجوده

  • الاستشهاد بالمصدر: Work cat.: (OSt)0: Tortora, Gerard J. 38025, Principles of anatomy and physiology /, c2017.